000 00501nam a2200181Ia 4500
008 240925s9999 xx 000 0 und d
020 _a9788131516706
082 _a621.382 PAR
100 _aDharma Prakesh Agrawal
245 0 _aIntroducation to wireless and mobile systems
250 _a3rd
260 _aAustralia:
_bCENGAGE Learning
_c,2011.
300 _axxivp.
_bN.A
_fOriginal
500 _aIncludes Index
600 _aTelecommunication Engineering
650 _aTechnology
942 _cBK
999 _c12365
_d12365